Taylor Swift - Guess by first verse [Midnights] - Statistics

General Stats
  • This quiz has been taken 35 times
  • The average score is 19 of 22
Answer Stats
Hint Answer % Correct
Baby love, I think I′ve been a little too kind Bejeweled
100%
Dear reader Dear Reader
97%
Meet me at midnight Lavender Haze
97%
Rain, he wanted it comfortable Midnight Rain
97%
I have this thing, where I get older but just never wiser Anti-Hero
93%
You′re talking shit for the hell of it Karma
93%
Draw the cat eye, sharp enough to kill a man Vigilante Shit
93%
Summer went away, still, the yearning stays You're On Your Own, Kid
93%
When the morning came we Maroon
90%
Your ex-friend′s sister Paris
87%
My knuckles were bruised like violets The Great War
87%
If you would′ve blinked, then I would've Would've, Could've, Should've
87%
No words appear before me in the aftermath Bigger Than The Whole Sky
83%
I washed my hands of us at the club Hits Different
83%
Once upon a time Mastermind
83%
I spy with my little tired eye, tiny as a firefly Sweet Nothing
83%
You say, "I don′t understand, " and I say, "I know you don't" You’re Losing Me
83%
We were supposed to be just friends Glitch
80%
It only hurts this much right now Labyrinth
80%
One night a few moons ago I Snow On The Beach
80%
Lock broken, slur spoken High Infidelity
73%
I remember Question...?
67%
No matching quizzes found
Score Distribution
Percent of People with Each Score
Percentile by Number Answered
Your Score History
You have not taken this quiz